000 01039nam a2200241Ia 4500
008 130821s1999 ag gr spa
020 _a950679250X
040 _aCo-BoUCM
_bspa
041 0 0 _aspa
100 1 _aAbarca, Alfredo Ernesto
_9168396
245 1 0 _aProcedimientos aduaneros
_cAlfredo Ernesto Abarca
250 _a2a. ed., actualizada.
260 _aBuenos Aires (Argentina)
_b[Editorial desconocida]
_c1999
300 _a389 páginas
504 _aIncluye referencias bibliográficas e índice.
505 _tProcedimientos de impugnación, de repetición para infracciones y delitos. --
_tRecursos ante el tribunal fiscal y la justicia federal. --
_tProcedimientos de registro y sancionatorio para despachantes de aduana, importadores, exportadores y agentes de transporte.
650 0 4 _aAduanas
_98651
650 0 4 _aAranceles de aduana
_99296
650 0 4 _aDerecho tributario
_912836
650 0 4 _aLegislación aduanera
_918325
942 _cLIBRO
_2DEWEY
_a8
_e2
_h343.056
_mA118p
999 _c73000
_d73000